[Event "IND-ch U17 20th"]
[Site "Chakradharpur"]
[Date "2009.10.13"]
[Round "10"]
[White "Eshwanth Dev, Kumar J"]
[Black "Sumit, Kumar Jha"]
[Result "1/2-1/2"]
[WhiteElo "1908"]
[BlackElo "1980"]
[PlyCount "84"]
[EventDate "2009.10.07"]
[EventType "swiss"]
[EventRounds "11"]
[EventCountry "IND"]
[SourceTitle "CBM 132 Extra"]
[Source "ChessBase"]
[SourceDate "2009.11.03"]
[SourceVersion "1"]
[SourceVersionDate "2009.11.03"]
[SourceQuality "1"]

1. e4 e5 2. Nf3 Nc6 3. Bb5 Bc5 4. d3 a6 5. Ba4 Nf6 6. h3 b5 7. Bb3 d6 8. 0-0 Be6 9. Be3 Qd7 10. Nc3 0-0 11. Re1 Rab8 12. Nd5 Bxd5 13. exd5 Nd4 14. Nxd4 exd4 15. Bg5 Qf5 16. Bxf6 Qxf6 17. Qg4 Qg6 18. Qd7 Bb6 19. Re7 Qg5 20. Rae1 Ba5 21. R1e4 Rbd8 22. Qxd8 f5 23. Rxg7+ Qxg7 24. Re8 Rxe8 25. Qxe8+ Qf8 26. Qe6+ Kg7 27. g4 Qf6 28. Kg2 fxg4 29. hxg4 h5 30. Qxf6+ Kxf6 31. gxh5 Bd2 32. Kf3 Kf5 33. a4 Bc1 34. axb5 axb5 35. Ba2 b4 36. Bc4 Bxb2 37. Bb5 Bc1 38. Be8 Ke5 39. Bf7 Bh6 40. Kg4 Bc1 41. Bg8 Bh6 42. Be6 Bc1 1/2-1/2

[Event "IND-ch U17 20th"]
[Site "Chakradharpur"]
[Date "2009.10.11"]
[Round "7"]
[White "Roshan, Rangarajan"]
[Black "Sumit, Kumar Jha"]
[Result "1-0"]
[WhiteElo "1904"]
[BlackElo "1980"]
[PlyCount "123"]
[EventDate "2009.10.07"]
[EventType "swiss"]
[EventRounds "11"]
[EventCountry "IND"]
[SourceTitle "CBM 132 Extra"]
[Source "ChessBase"]
[SourceDate "2009.11.03"]
[SourceVersion "1"]
[SourceVersionDate "2009.11.03"]
[SourceQuality "1"]

1. e4 e5 2. Nf3 Nc6 3. Bb5 a6 4. Ba4 Nf6 5. 0-0 Be7 6. Re1 b5 7. Bb3 d6 8. c3 0-0 9. d4 Bg4 10. Be3 Na5 11. dxe5 Bxf3 12. Qxf3 dxe5 13. Bc2 Nc4 14. Bc1 Qd7 15. b3 Nb6 16. Qg3 Bd6 17. Bg5 Qe6 18. Nd2 h6 19. Be3 Qg4 20. Nf1 Qxg3 21. Nxg3 Ng4 22. Nf5 Rfd8 23. Rad1 Bf8 24. Rxd8 Rxd8 25. Rd1 Rxd1+ 26. Bxd1 Nxe3 27. Nxe3 c6 28. a4 a5 29. Kf1 Bc5 30. Nf5 Kh7 31. Ke2 g6 32. Ne3 Bxe3 33. Kxe3 bxa4 34. bxa4 Kg7 35. Kd3 Kf6 36. Bb3 Ke7 37. h4 f6 38. g3 Kd6 39. Ke3 Kc5 40. Kd3 Kd6 41. Ke3 c5 42. Kd2 c4 43. Bd1 Nd7 44. f3 Nc5 45. Bc2 Ke6 46. Ke3 h5 47. g4 Kd6 48. gxh5 gxh5 49. f4 Ne6 50. fxe5+ Kxe5 51. Bd1 Nf4 52. Bf3 f5 53. exf5 Kxf5 54. Kd4 Nd3 55. Bxh5 Nb2 56. Be8 Kg4 57. h5 Kg5 58. Kc5 Kh6 59. Kb5 Kg7 60. Kxa5 Nd1 61. Kb4 Ne3 62. a5 1-0